00495nam a2200109Ia 4500008004100000050002200041100002200063245016900085260008600254300003300340521001200373140724s9999 xx 000 0 und d aRT 86b.D249 2009 aDavid, Cheryll E. 4aThe relationship of eating breakfast to the academic performance of third year nursing students in Southville International School and Colleges /cCheryll E. David. aLas Piñas, Philippines :bSouthville International School and Colleges,cc2009. a45 p. :bcol. Ill. ;c28 cm. aNursing